| 000 | 00601nam a22002177a 4500 | ||
|---|---|---|---|
| 005 | 20260325191616.0 | ||
| 008 | 211210b2001 xxu||||| |||| 00| 0 spa d | ||
| 020 | _a8436808061 | ||
| 041 | _aESP | ||
| 082 | _a364.36 K23c | ||
| 100 |
_aKazdin, Alan _959486 |
||
| 245 | _aConducta antisocial: evaluación, tratamiento y prevención en la infancia y adolescencia | ||
| 260 | _aEspaña | ||
| 260 | _bEdiciones pirámide | ||
| 260 | _c2001 | ||
| 300 | _a183 páginas | ||
| 490 | _aInvestigación Criminal | ||
| 650 | _aDELINCUENCIA JUVENIL | ||
| 650 | _aCONDUCTA ANTISOCIAL | ||
| 942 |
_cBK _2ddc |
||
| 999 |
_c13204 _d13204 |
||